00550nam a2200181Ia 4500003000400000005001700004008004100021040000700062041000900069082001600078100007200094245005900166260003800225300001100263365001100274650006800285650001500353OSt20250925125945.0210719s1999 xx 000 0 und d cAL aTulu aT894.2 JAYS aJAYANTI (S Bangera)dಜಯಂತಿ (ಎಸ್ ಬಂಗೇರ) aSattya negapunagabಸತ್ಯ ನೆಗಪುನಗ  aMangalurubDurga Prakashanac1999 a60bPB b30cRs aತುಳು ಜಾನಪದ ನಾಟಕ Tulu janapada nataka aTulu Drama